000 01263 a2200205 4500
001 22210
005 20260407155511.0
008 260407a1977 arg spa d
003 AR-UNSa-BCEJYS
040 _aAR-UNSa-BCEJYS
_bspa
_cAR-UNSa-BCEJYS
080 _a351.71
_xBienes públicos. Obras públicas. Impuestos (Contratación pública)
245 1 0 _aLa licitación pública
264 1 _aBuenos Aires :
_bAstrea
_c1977
300 _axl, 586 p.
_c23 cm.
505 _a1. Los contratos de la administración - 2. Procedimientos administrativo de contratación - 3. El procedimiento de la licitación pública - 4. Excepciones al procedimiento de la licitación pública - 5. Licitante y pliego de condiciones - 6. Llamado a licitación y publicidad - 7. Licitadores presupuestos de la oferta - 8. La oferta - 9. Adjudicación - 10. Régimen jurídico del procedimiento de contratación - 11. Vicios de la contratación administrativa - 12. Relación, situación, responsabilidad, fiscalización y protección jurídica en la licitación pública.
942 _cBK
590 _aniveau_biblio:m niveau_hierar:0
100 1 _aDromi, José Roberto
856 4 1 _uhttps://biblioeco.unsa.edu.ar/pmb/images/libros/La Licitaci?n P?blica.jpg
_yImagen de portada
_qimage/jpeg
999 _c930
_d930